Le genre satirique fantastique et licencieux dans la sculpture flamande et wallonne (Record no. 96234)

MARC details
000 -LEADER
campo de control de longitud fija 00867nam a2200229 i 4500
001 - NÚMERO DE CONTROL
campo de control 96234
003 - IDENTIFICADOR DE NÚMERO DE CONTROL
campo de control ES-MaACL
005 - FECHA Y HORA DE LA ÚLTIMA TRANSACCIÓN
campo de control 20251030135031.0
007 - CAMPO FIJO DE DESCRIPCIÓN FÍSICA--INFORMACIÓN GENERAL
campo de control de longitud fija t|
008 - DATOS DE LONGITUD FIJA--INFORMACIÓN GENERAL
campo de control de longitud fija 050614s1910 fr af |||| | fre d
100 1# - ENTRADA PRINCIPAL--NOMBRE DE PERSONA
Nombre de persona Maeterlinck, Louis.
9 (RLIN) 75417
245 13 - MENCIÓN DEL TÍTULO
Título Le genre satirique fantastique et licencieux dans la sculpture flamande et wallonne
Resto del título : les miséricordes de stalles (art et folklore) /
Mención de responsabilidad, etc. Louis Maeterlinck.
260 ## - PUBLICACIÓN, DISTRIBUCIÓN, ETC.
Lugar de publicación, distribución, etc. Paris :
Nombre del editor, distribuidor, etc. J. Schemit,
Fecha de publicación, distribución, etc. 1910 (
Fabricante Imp. Centrale de l'Ouest)
300 ## - DESCRIPCIÓN FÍSICA
Extensión IV, 380 p., 8 lám. :
Otras características físicas il. ;
Dimensiones 25 cm.
530 ## - NOTA DISPONIBLE DE FORMULARIO FÍSICO ADICIONAL
Nota de formato físico adicional disponible Disponible en formato digital.
650 #7 - PUNTO DE ACCESO ADICIONAL DE MATERIA--TÉRMINO DE MATERIA
Término de materia o nombre geográfico como elemento de entrada Escultura flamenca
Fuente del encabezamiento o término embne
9 (RLIN) 150512
650 #4 - PUNTO DE ACCESO ADICIONAL DE MATERIA--TÉRMINO DE MATERIA
Término de materia o nombre geográfico como elemento de entrada Sillerías de coro.
9 (RLIN) 150513
852 ## - LOCALIZACIÓN
Ubicación ES-MaACL
Número de control de estantería F-9692
Ubicación en estantería Sala Pecera Planta 2
856 4# - LOCALIZACIÓN Y ACCESO ELECTRÓNICOS
Identificador Uniforme de Recursos <a href="http://archive.org/details/legenresatirique00maetuoft ">http://archive.org/details/legenresatirique00maetuoft </a>
Texto de enlace Internet Archive
942 ## - ELEMENTOS DE ENTRADA SECUNDARIOS (KOHA)
Fuente del sistema de clasificación o colocación Clasificación decimal universal
Holdings
Estatus retirado Estado de pérdida Estado de daño No para préstamo Colección Biblioteca de origen Biblioteca actual Ubicación en estantería Fecha de adquisición Fuente de adquisición Total de préstamos Signatura topográfica completa Código de barras Visto por última vez Precio de reemplazo Tipo de ítem Koha
        Colección digital Biblioteca del Ateneo de Madrid Biblioteca del Ateneo de Madrid Sala Pecera Planta 2 17/01/2008     F-9692 1100475 23/02/2023 23/02/2023 Libro impreso